Gumárske zmesi pre gumokovové hydraulické silentbloky

Saved in:
Bibliographic Details
Main Author: Búdová, Natália (Author)
Other Authors: Hudec, Ivan (Thesis advisor)
Format: Manuscript Book
Language:Slovak
Published: 2019
Subjects:
Online Access:http://is.stuba.sk/zp/portal_zp.pl?podrobnosti=143159
Tags: Add Tag
No Tags, Be the first to tag this record!

MARC

LEADER 00000ntm a22000003a 4500
001 stuzp74792
003 SK-STU
005 20190601211734.4
007 ta
008 150427s2015----xo-----f-mn---000-0-slo-d
040 |a STU  |b slo 
041 0 |a slo 
100 1 |a Búdová, Natália  |u 049000  |k Z4  |4 aut  |U FCHPT Fakulta chemickej a potravinárskej technológie  |T FCHPT Ústav prírodných a syntetických polymérov  |X 63643  |U 049000  |Y 107  |7 63643 
242 0 1 |a Rubber blends for rubber-metal hydraulic bushings  |y eng 
245 1 0 |a Gumárske zmesi pre gumokovové hydraulické silentbloky 
260 |c 2019 
650 4 |a guma  |2 slo 
650 4 |a napučiavanie  |2 slo 
650 4 |a hydraulický silentblok  |2 slo 
650 4 |a swelling  |2 eng 
650 4 |a hydrobushing  |2 eng 
650 4 |a rubber  |2 eng 
700 1 |a Hudec, Ivan  |u 049000  |k Z1  |4 ths  |U FCHPT Fakulta chemickej a potravinárskej technológie  |T FCHPT Ústav prírodných a syntetických polymérov  |X 3303  |U 049000  |Y 107  |7 A000003303 
856 4 |u http://is.stuba.sk/zp/portal_zp.pl?podrobnosti=143159